LEADER 00986nam0-22003251i-450- 001 990002871050403321 005 20050627170905.0 010 $a0-471-14890-3 035 $a000287105 035 $aFED01000287105 035 $a(Aleph)000287105FED01 035 $a000287105 100 $a20030910d1997----km-y0itay50------ba 101 0 $aENG 200 1 $aMachine learning and statistics$ethe interfaces$fedited by G. Nakhaeizadeh, C.G. Taylor 210 $aNew York$cJohn Wiley$dc1997 215 $axvii, 343 p.$d24 cm 225 1 $aSixth-generation computer technology series 610 0 $aStatistica computazionale 610 0 $aIntelligenza artificiale 610 0 $aStatistica computazionale$atecniche 676 $a006.3 702 1$aTaylor,$bCharles C. 801 0$aIT$bUNINA$gRICA$2UNIMARC 901 $aBK 912 $a990002871050403321 952 $aVIII-B-49$bCNR 6/L LAURO$fMAS 959 $aMAS 996 $aMachine learning and statistics$9416079 997 $aUNINA